Alternatívne vs. tradičné prístupy k riadeniu trhového rizika – prístup „Čierna labuť" vs. VaR

Postup zaistenia sa proti "black swan". Výnosy a straty v koncepte "čierna labuť". Model riadenia rizika VaR - kedy vieme, že nebude fungovať.

Gespeichert in:
Bibliographische Detailangaben
1. Verfasser: Hronec, Miloslav, 1980-
Format: Buchkapitel
Sprache:Slowakisch
Schlagworte:
Tags: Tag hinzufügen
Keine Tags, Fügen Sie das erste Tag hinzu!

MARC

LEADER 00000nla a2200000 4500
001 0180518
005 20240502073058.3
041 0 |a slo 
044 |a SK 
245 1 0 |a Alternatívne vs. tradičné prístupy k riadeniu trhového rizika – prístup „Čierna labuť" vs. VaR  |c Miloslav Hronec 
520 |a Postup zaistenia sa proti "black swan". Výnosy a straty v koncepte "čierna labuť". Model riadenia rizika VaR - kedy vieme, že nebude fungovať. 
610 2 0 |a riadenie rizík 
610 2 0 |a riziko finančné 
610 2 0 |a riziko trhové 
610 2 0 |a modely 
100 1 |a Hronec, Miloslav, 1980-